LEADER 00814nam a2200181 i 4500 001 000000177741 003 CaOOAMICUS 005 20090220000000.0 008 090220s1905 it u000 u ita u 013 $a155310 040 $aSeMil$bita 100 1 $aCeci, Luigi,$d<1859-1927>.$0(OLS)http://semarc/name/9290 245 13$aLa prima Catilinaria :$btesto con la scansione delle clausole metriche. Introduzione ; Note ; Appendice. 300 $a82 p. 773 0 $aCeci, Luigi <1859-1927>$tRitmo delle orazioni di Cicerone.$dRoma : Forzani e C., 1905.$g1$w()20755 850 $aSeMil 852 $aSeMil$W1$xVenegono$y1$m1Z II 31$j237310$B128546$CSeMilBibl$Z2$F139485 $81 996 $6245$aLa prima Catilinaria :$btesto con la scansione delle clausole metriche. Introduzione ; Note ; Appendice$9(OLS)http://semarc/title/255293 LEADER 01321nam a2200253 i 4500 001 000000251992 003 CaOOAMICUS 005 20230417143624.0 008 161212s1804 it u000 u ita u 026 $ae-re o.el moua siva (3) 1804 (A) 040 $aSeMil$bita 100 1 $aMascherana, Girolamo.$0(OLS)http://semarc/name/12326 245 10$aVirginia lombarda ossia La difesa del buon gusto e della sua influenza nell'ordine politico e morale. Dialogo galante di Momelagro Hanacarsi. 260 $aMilano :$bPresso Cesare Orena nella Stamperia Malatesta,$c1804 anno III della R.I.. 300 $a[6], 256 p. ;$c8º. 500 $aPer il nome dell'A., Girolamo Mascherana, vedi Melzi, v. 2., p. 203 500 $aSegn.: pg4(-pg4) A-Q8 700 1 $aOrena, Cesare,$c.$0(OLS)http://semarc/name/12328 700 1 $aMalatesta,$c.$0(OLS)http://semarc/name/12327 850 $aSeMil 852 $aSeMil$W1$xVenegono$y1$m3M III 56 FA$j202338$B202338$CSeMilBibl$Z2$F215060 $8I 996 $6245$aVirginia lombarda ossia La difesa del buon gusto e della sua influenza nell'ordine politico e morale. Dialogo galante di Momelagro Hanacarsi$9(OLS)http://semarc/title/354138 996 $6260$aMilano :$bPresso Cesare Orena nella Stamperia Malatesta$9(OLS)http://semarc/publisher/55478 LEADER 00977nam a2200229 i 4500 001 000000058995 003 CaOOAMICUS 005 20121128000000.0 008 121128s1953 it u000 u ita u 013 $a30167 040 $aSeMil$bita 100 1 $aOlivero, Giuseppe.$0(OLS)http://semarc/name/30094 245 10$aDissimulatio e tolerantia nell'ordinamento canonico /$cGiuseppe Olivero. 260 $aMilano :$bGiuffrè,$c1953. 300 $a208 p. ;$c25 cm. 490 0 $aPubblicazioni della Facoltà di giurisprudenza ;$v18 650 4$aMatrimonio canonico.$0(OLS)http://semarc/subject/3039 830 0$aPubblicazioni della Facoltà di giurisprudenza ;$v18.$0(OLS)http://semarc/title/17002 850 $aSeMil 852 $aSeMil$W1$xVenegono$y1$m2J III 110$j25148$B25148$CSeMilBibl$Z2$F25151 $81 996 $6245$aDissimulatio e tolerantia nell'ordinamento canonico$9(OLS)http://semarc/title/92082 996 $6260$aMilano :$bGiuffrè$9(OLS)http://semarc/publisher/29926